| 000 | 00658nam a22002057a 4500 | ||
|---|---|---|---|
| 008 | 160921b xxu||||| |||| 00| 0 eng d | ||
| 020 | _a076370899 | ||
| 020 | _a076370962X | ||
| 050 |
_aRA 776 _b.E24 1998b |
||
| 100 | _aEdlin, Gordon | ||
| 245 |
_aHealth and wellness/ _cGordon Edlin, Eric Golanty and Kelli Mccormack Brown |
||
| 250 | _a6th ed. | ||
| 260 |
_aBoston: _bJones and bartlett publishers; _c1998. |
||
| 300 |
_axxiii,603p. :ill. ; _bIncludes index _c23cm |
||
| 650 | _aHealth. | ||
| 650 | _aHolistic medicine. | ||
| 700 | _aGolantly, Eric | ||
| 700 | _aBrown, Kelli Mccormack | ||
| 942 |
_2lcc _cBOOKS _hRA 776 .E24 1998b |
||
| 999 |
_c13928 _d13928 |
||